| 000 | 00426nam a22001817a 4500 | ||
|---|---|---|---|
| 003 | OSt | ||
| 005 | 20260219115038.0 | ||
| 008 | 260219b |||||||| |||| 00| 0 eng d | ||
| 020 | _a9789383101504 | ||
| 040 | _ckul | ||
| 082 |
_a590 _bJUN.Z |
||
| 084 | _2Colon Classification | ||
| 100 |
_aM.S Juneja _eAuth _910319 |
||
| 245 | _aHandbook of Zoology | ||
| 260 |
_bAgrotech Press _c2025 |
||
| 300 | _a242 | ||
| 942 |
_2ddc _cBK |
||
| 999 |
_c756427 _d756427 |
||